00786nam a22001937a 450000500170000000800410001702000190005808200170007710001150009424500480020926000340025730000110029149000370030250000200033965000430035994200070040299900170040995201660042620260420153319.0260420b |||||||| |||| 00| 0 eng d a978-1118458037 a658.3bKLI-A aKlimoski , Richard J. (Editor)aBeverly Dugan (Editor)aCarla Messikomer (Editor)aFrancois Chiocchio (Editor) aAdvancing Human Resource Project Management aFransisco CA.bPfeifferc2014 a590 p. aThe Professional Practice Series aIncludes Index. aHuman Resources & Personnel Management cBK c47353d47353 00w2026-04-201040708HRMaAUKCbAUKCcManagement Scienced2026-04-09eAli Book Servicesg3364.00iKA/10221l0o658.3 KLI-ApAUKHP0582r2026-04-20 15:34:32yBK